00413 a2200169 4500003000500000005001700005010001400022040000900036082001100045100002700056245006300083260003800146300001000184538001100194650002700205651001100232Nust20170207154019.0 a45006766  cNust a537.24 a GEORGIEV ALEXANDER M. aThe Electrolytic Capacitor (E-BOOK)cALEXANDER M. GEORGIEV aNEW YORKbMURRAY HILL BOOKSc1945 a205 p aEB-684 aElectrolytic Capacitor aE-BOOK